| 000 | 00710nam a22002177a 4500 | ||
|---|---|---|---|
| 999 |
_c11597 _d11597 |
||
| 003 | AR-CdUCM | ||
| 008 | 190404b ||||| |||| 00| 0 spa d | ||
| 040 |
_aMUNICIPALIDAD PROVINCIAL DEL CUSCO _cBIBLIOTECA MUNICIPAL DEL CUSCO |
||
| 082 |
_a869.26 / _bV718S/ 1952 |
||
| 100 |
_aVillanueva, Amaro _929036 |
||
| 245 | _aSon Sonetos / | ||
| 260 |
_aParanĂ¡ : _bAteneo de "El Diario", _c1952. |
||
| 300 |
_a95 paginas ; _c18 cm. |
||
| 505 | _aContenido: Cavatinos -- GuitarrĂsonos -- Dialectales -- Contraflor ... | ||
| 650 |
_aLiteratura Argentina _984 |
||
| 650 |
_aPoemas Latinoamericanos _925215 |
||
| 650 |
_aSiglo XX _98 |
||
| 650 |
_aArgentina _9511 |
||
| 942 |
_2ddc _cLIBROS |
||
| 945 |
_acmm _d2019-04-04 |
||